| 000 | 01382pam a2200397 a 4500 | ||
|---|---|---|---|
| 001 | sjdszswift b1128231 | ||
| 003 | sjds | ||
| 005 | 20251114070626.0 | ||
| 008 | 850827s1986 nyuab d 00011 eng | ||
| 020 | _a9780689878589 (Simon Pulse pbk.) | ||
| 020 | _a9780689854293 | ||
| 020 | _a9781442427655 (trade pbk.) | ||
| 020 |
_a0689311176 : _c$12.95 |
||
| 020 | _a067980112X (Random pbk.) | ||
| 020 | _a0689854293 | ||
| 024 |
_2UPC _a090129004997 |
||
| 040 | _csjds | ||
| 041 | _aeng | ||
| 100 | 1 | 0 | _aPierce, Tamora. |
| 245 | 1 | 4 |
_aThe woman who rides like a man / _cTamora Pierce. |
| 250 | _a1st ed. | ||
| 260 | 0 |
_aNew York : _bAtheneum, _c1986. |
|
| 300 |
_a253 p. : _bill., map ; _c22 cm. |
||
| 490 | 1 |
_aSong of the lioness _vbk. 3. |
|
| 500 | _a"An Argo book." | ||
| 520 | _aOn her first tour as a knight errant, Alanna assumes a position of influence with a fierce desert tribe, makes some changes in the role of women in the society, and continues her own emotional development. | ||
| 600 | 0 | 0 |
_aAlanna, _cof Trebond _c(Fictitious character) _vFiction. |
| 650 | 0 |
_aKnights and knighthood _vFiction. |
|
| 650 | 0 |
_aSex role _vFiction. |
|
| 650 | 0 |
_aMagic _vFiction. |
|
| 655 | 7 |
_aFantasy fiction. _2lcgft. |
|
| 655 | 0 | _aYoung adult fiction. | |
| 800 | 1 |
_aPierce, Tamora. _tSong of the Lioness ; _v3. |
|
| 830 | 0 |
_aSong of the lioness ; _v3. |
|
| 942 | _cBK | ||
| 999 |
_c31148 _d31146 |
||